Capoluoghi di Provincia contenenti la lettera M - Statistics

Statistiche generali
  • Questo quiz è stato fatto 126 volte
  • Il punteggio medio è 15 su 20
Statistiche sulle risposte
Lunghezza in lettere Capoluogo % Corretto
6 Milano
99%
7 Mantova
97%
7 Messina
94%
5 Massa
91%
6 Matera
88%
8 Macerata
87%
6 Modena
87%
5 Monza
84%
4 Roma
78%
7 Imperia
74%
10 Campobasso
72%
5 Parma
70%
4 Como
68%
7 Palermo
68%
7 Cremona
67%
5 Fermo
67%
6 Teramo
65%
6 Rimini
64%
7 Bergamo
62%
12 Reggio Emilia
61%
Nessun quiz corrispondente trovato
Distribuzione punteggi
Percentuale di utenti per punteggio
Percentile per numero di risposta
I tuoi punteggi nel tempo
Non hai fatto questo quiz